<?xml version="1.0" encoding="UTF-8"?>
<record
    xmlns:xsi="http://www.w3.org/2001/XMLSchema-instance"
    xsi:schemaLocation="http://www.loc.gov/MARC21/slim http://www.loc.gov/standards/marcxml/schema/MARC21slim.xsd"
    xmlns="http://www.loc.gov/MARC21/slim">

  <leader>00943nam a22002297a 4500</leader>
  <datafield tag="952" ind1=" " ind2=" ">
    <subfield code="0">0</subfield>
    <subfield code="1">0</subfield>
    <subfield code="2">lcc</subfield>
    <subfield code="4">0</subfield>
    <subfield code="7">0</subfield>
    <subfield code="a">20</subfield>
    <subfield code="b">20</subfield>
    <subfield code="d">2013-01-15</subfield>
    <subfield code="l">2</subfield>
    <subfield code="o">KGF5819 G37 1982</subfield>
    <subfield code="p">20 001178</subfield>
    <subfield code="r">2020-03-02</subfield>
    <subfield code="s">2020-03-02</subfield>
    <subfield code="t">1</subfield>
    <subfield code="w">2013-01-15</subfield>
    <subfield code="y">LB</subfield>
  </datafield>
  <datafield tag="999" ind1=" " ind2=" ">
    <subfield code="c">88948</subfield>
    <subfield code="d">88948</subfield>
  </datafield>
  <controlfield tag="008">130115t        xxu||||| |||| 00| 0 eng d</controlfield>
  <datafield tag="020" ind1=" " ind2=" ">
    <subfield code="a">9681325509</subfield>
  </datafield>
  <datafield tag="050" ind1=" " ind2=" ">
    <subfield code="a">KGF5819</subfield>
    <subfield code="b">G37 1982</subfield>
  </datafield>
  <datafield tag="100" ind1=" " ind2=" ">
    <subfield code="a">Garc&#xED;a Ram&#xED;rez, Sergio</subfield>
    <subfield code="d">1938-</subfield>
    <subfield code="e">autor</subfield>
  </datafield>
  <datafield tag="245" ind1=" " ind2=" ">
    <subfield code="a">Prontuario del proceso penal mexicano</subfield>
    <subfield code="c"> / Sergio Garc&#xED;a Ram&#xED;rez ; Victoria Adato de Ibarra</subfield>
  </datafield>
  <datafield tag="250" ind1=" " ind2=" ">
    <subfield code="a">2a edici&#xF3;n</subfield>
  </datafield>
  <datafield tag="260" ind1=" " ind2=" ">
    <subfield code="a">M&#xE9;xico</subfield>
    <subfield code="b"> : Porr&#xFA;a</subfield>
    <subfield code="c"> , 1984</subfield>
  </datafield>
  <datafield tag="300" ind1=" " ind2=" ">
    <subfield code="a">xxxvii ; 709 p&#xE1;ginas</subfield>
  </datafield>
  <datafield tag="504" ind1=" " ind2=" ">
    <subfield code="a">Incluye:
Nota sobre la segunda edici&#xF3;n
Pr&#xF3;logo
&#xCD;ndice de contenido
Ap&#xE9;ndice
Bibliograf&#xED;a (pp. 707-709)</subfield>
  </datafield>
  <datafield tag="505" ind1=" " ind2=" ">
    <subfield code="a">Esquema del procedimiento penal mexicano
Instrucc&#xF3;n
Actos preparatorios del juicio
Juicio
Incidentes
Recursos</subfield>
  </datafield>
  <datafield tag="519" ind1=" " ind2=" ">
    <subfield code="a">Material Complementairo / </subfield>
    <subfield code="b">Derecho / </subfield>
    <subfield code="d">(20 001178)</subfield>
  </datafield>
  <datafield tag="650" ind1=" " ind2="0">
    <subfield code="a">JURISDICCI&#xD3;N</subfield>
  </datafield>
  <datafield tag="650" ind1=" " ind2="0">
    <subfield code="a">CUERPO DEL DELITO</subfield>
  </datafield>
  <datafield tag="650" ind1=" " ind2="0">
    <subfield code="a">JUICIO</subfield>
    <subfield code="x">DERECHO PENAL</subfield>
    <subfield code="z">M&#xC9;XICO</subfield>
  </datafield>
  <datafield tag="700" ind1=" " ind2=" ">
    <subfield code="a">Adato de Ibarra, Victoria</subfield>
    <subfield code="e">autora</subfield>
  </datafield>
  <datafield tag="942" ind1=" " ind2=" ">
    <subfield code="c">LB</subfield>
  </datafield>
</record>
